| 000 | 02118cam a2200613 a 4500 | ||
|---|---|---|---|
| 001 | 21183 | ||
| 003 | VRT | ||
| 005 | 20260224140640.0 | ||
| 008 | 250312s1947 xo g 000 p slo | ||
| 015 | _aSNBA19451955-009959 | ||
| 035 | _aSK01SNKBKSFS20010085375 | ||
| 035 | _aurn:nbn:sk:snk-am3hwam | ||
| 035 | _a5143D2A3-C3AA-4CFC-88ED-E571ACA91094 | ||
| 035 | _aurn:nbn:sk:snk-am00db9m | ||
| 035 | _aSKM000087838 | ||
| 039 | 9 |
_a202503121333 _bVLOAD _c202208171059 _dAUTHORITY _c202010151436 _dcsnkv18 _c202008201811 _dmsvkbb08 |
|
| 040 |
_aSNK _bslo _cSNK _eAACR2 |
||
| 041 | 1 |
_aslo _hrus |
|
| 044 |
_axo _cSK |
||
| 072 | 7 |
_a821.161.1 _xRuská literatúra _2konspekt |
|
| 080 |
_a821.161.1 _22011 |
||
| 080 |
_a(082.21) _22011 |
||
| 100 | 1 |
_aPuškin, Aleksandr Sergejevič, _d1799-1837 _4aut |
|
| 245 | 1 | 0 |
_aPoltava _bvýbor z epiky _cA.S. Puškin ; preložil Rudo Brtáň |
| 250 | _a1. vyd. | ||
| 260 |
_aTurčiansky Sv. Martin _bMatica slovenská _c1947 _eTurčiansky Sv. Martin _fNeografia |
||
| 300 |
_a226, (3) s. _c8° |
||
| 490 | 1 |
_aSlovanská knižnica _vsv. 4 |
|
| 500 | _aPreložené z ruštiny | ||
| 650 | 0 | 7 |
_aruská poézia _2SNKPH |
| 650 | 0 | 7 |
_aRussian literature _2SNKPHeng |
| 655 | 7 |
_avýbery _2SNKPH |
|
| 655 | 7 |
_aSelections _2SNKPHeng |
|
| 700 | 1 |
_aBrtáň, Rudo, _d1907-1998 _4trl |
|
| 700 | 1 |
_aFavorskij, Vladimir Andrejevič, _d1886-1964 _4ill |
|
| 700 | 1 |
_aBenka, Martin, _d1888-1971 _4bjd |
|
| 740 | 0 | 2 | _aPoltava |
| 740 | 0 | 2 | _aBratia zbojníci |
| 740 | 0 | 2 | _aCigáni |
| 740 | 0 | 2 | _aGróf Nulin |
| 740 | 0 | 2 | _aDomček v Kolome |
| 740 | 0 | 2 | _aAngelo |
| 740 | 0 | 2 | _aMedený jazdec |
| 740 | 0 | 2 | _aTazit |
| 830 | 0 | _aSlovanská knižnica | |
| 942 |
_2ddc _cKLDO _n0 |
||
| 949 |
_6270001000639503 _asvkbbS 38971 _bsvkbbm 3518 |
||
| 949 |
_617A0560045 _asnkSD 5556/4 D1 _bsnkKSK 1609/58 |
||
| 949 |
_617A0560103 _asnkSD 5556/4 D2 _bsnkF 867/63 |
||
| 949 |
_617A0908894 _asnkSD 5556/4 _bsnk583/47 _osnkI. 379/47 - druhé ev. č. _s6100:20181113 |
||
| 949 |
_6273K0387862 _asvkpoA 27052 _bsvkpo64588 |
||
| 999 |
_c21183 _d21183 |
||